Central Library OPAC University of Rajshahi

palmistry for all : (Record no. 30690)

MARC details
000 -LEADER
fixed length control field 00840pam a2200277 a 4500
001 - CONTROL NUMBER
control field 30690
003 - CONTROL NUMBER IDENTIFIER
rucl marc code BD-RjUL
005 - DATE AND TIME OF LATEST TRANSACTION
control field 20211209051613.0
008 - FIXED-LENGTH DATA ELEMENTS--GENERAL INFORMATION
fixed length control field 140410t1989 nyua 000 0 eng d
020 ## - INTERNATIONAL STANDARD BOOK NUMBER
International Standard Book Number 0131283804
035 ## - SYSTEM CONTROL NUMBER
System control number (BD-RjUL)30777
040 ## - CATALOGING SOURCE
Original cataloging agency DLC
Transcribing agency DLC
Modifying agency DLC
-- BD-RjUL
Language of cataloging eng
041 ## - LANGUAGE CODE
Language code of text/sound track or separate title eng
082 00 - DEWEY DECIMAL CLASSIFICATION NUMBER
Classification number 133.6
Edition number 19
Author mark and year CHP 1989
100 0# - MAIN ENTRY--PERSONAL NAME
Personal name Cheiro,
Dates associated with a name 1866-1936.
9 (RLIN) 93229
245 10 - TITLE STATEMENT
Title palmistry for all :
Remainder of title a practical work on the study of the lines of the hand /
Statement of responsibility, etc. by Cheiro.
260 ## - PUBLICATION, DISTRIBUTION, ETC. (IMPRINT)
Place of publication, distribution, etc. Bombay :
Name of publisher, distributor, etc. Taraporevala son & co,
Date of publication, distribution, etc. 1989.
300 ## - PHYSICAL DESCRIPTION
Pagination 143 p. :
Illustrations ill. ;
Size 22 cm.
500 ## - GENERAL NOTE
General note Reprint. Previously published: New York : Arco. 1982.
650 #0 - SUBJECT ADDED ENTRY--TOPICAL TERM
Topical term or geographic name as entry element Palmistry.
9 (RLIN) 93230
942 ## - ADDED ENTRY ELEMENTS (KOHA)
Source of classification or shelving scheme Dewey Decimal Classification
Koha item type Books
Holdings
Lost status Source of classification or shelving scheme Damaged status Not for loan Collection code Permanent Location Current Location Shelving location Date acquired Source of acquisition Cost, normal purchase price Total Checkouts Full call number Date last seen Copy number Koha item type
  Dewey Decimal Classification   Not For Loan Non-fiction Central Library, University of Rajshahi Central Library, University of Rajshahi Reading Room 03/03/1979 India int cal 6.50   133.6 CHP 1989 10/04/2014 C-1 Books